Elenca la formazione - Quiz n°49 - Statistics

Statistiche generali
  • Questo quiz è stato fatto 69 volte
  • Il punteggio medio è 8 su 11
Statistiche sulle risposte
Ruolo Nazione Calciatore % Corretto
Difensore Italia Matteo Darmian
96%
Centrocampista Francia Paul Pogba
96%
Difensore Ecuador Antonio Valencia
95%
Portiere Argentina Sergio Romero
93%
Ala Armenia Henrikh Mkhitaryan
87%
Ala Spagna Juan Mata
73%
Attaccante Attaccante Marcus Rashford
71%
Trequartista Belgio Marouane Fellaini
58%
Difensore Inghilterra Chris Smalling
49%
Difensore Paesi Bassi Daley Blind
47%
Centrocampista Spagna Ander Herrera
42%
Nessun quiz corrispondente trovato
Distribuzione punteggi
Percentuale di utenti per punteggio
Percentile per numero di risposta
I tuoi punteggi nel tempo
Non hai fatto questo quiz